Architectural and cultural guide pyongyang vol-1 (Record no. 9441)
[ view plain ]
| 000 -LEADER | |
|---|---|
| fixed length control field | 00324nam a22001337a 4500 |
| 003 - CONTROL NUMBER IDENTIFIER | |
| control field | OSt |
| 005 - DATE AND TIME OF LATEST TRANSACTION | |
| control field | 20210622114348.0 |
| 008 - FIXED-LENGTH DATA ELEMENTS--GENERAL INFORMATION | |
| fixed length control field | 210622b ||||| |||| 00| 0 eng d |
| 020 ## - INTERNATIONAL STANDARD BOOK NUMBER | |
| International Standard Book Number | 9783869221878 |
| 082 ## - DEWEY DECIMAL CLASSIFICATION NUMBER | |
| Classification number | 720.95193 |
| 245 ## - TITLE STATEMENT | |
| Title | Architectural and cultural guide pyongyang vol-1 |
| 260 ## - PUBLICATION, DISTRIBUTION, ETC. (IMPRINT) | |
| Name of publisher, distributor, etc | DOM Publishers |
| 942 ## - ADDED ENTRY ELEMENTS (KOHA) | |
| Source of classification or shelving scheme | |
| Withdrawn status | Lost status | Source of classification or shelving scheme | Damaged status | Koha normalized classification for sorting | Not for loan | Permanent location | Current location | Date acquired | Total Checkouts | Full call number | Barcode | Date last seen | Date last borrowed | Price effective from | Koha item type |
|---|---|---|---|---|---|---|---|---|---|---|---|---|---|---|---|
| 720_951930000000000 | BMS College of Architecture, Design and Planning | BMS College of Architecture, Design and Planning | 2021-06-22 | 1 | 720.95193 | AR-UG2268 | 2022-04-23 | 2022-04-12 | 2021-06-22 | UG Books | |||||
| 720_951930000000000 | BMS College of Architecture, Design and Planning | BMS College of Architecture, Design and Planning | 2021-06-22 | 720.95193 | AR-UG2269 | 2021-06-22 | 2021-06-22 | UG Books |